| 000 | 00953cam a2200289 i 4500 | ||
|---|---|---|---|
| 001 | 18799422 | ||
| 003 | OSt | ||
| 005 | 20170105101207.0 | ||
| 008 | 150930s2015 pk b 000 0 eng | ||
| 010 | _a 2015328109 | ||
| 020 | _a9789698611170 | ||
| 025 | _aP-E-2015328109; 12 | ||
| 037 | _bLibrary of Congress -- Islamabad Overseas Office | ||
| 040 |
_aDLC _beng _cDLC _erda |
||
| 042 |
_alcode _apcc |
||
| 050 | 0 | 0 |
_aPK2634 _b.S517 2015 |
| 100 | 1 |
_aShāh, Ṣafdar ʻAlī, _d1948- _eauthor. |
|
| 245 | 1 | 0 |
_aPunjabi grammar / _cDr. Safdar Ali Shah. |
| 260 |
_aIslamabad _bNUST publishing _c2015 |
||
| 300 |
_axx, 167 pages ; _c22 cm |
||
| 504 | _aIncludes bibliographical references (pages 159-167). | ||
| 650 | 0 |
_aPanjabi language _xGrammar. |
|
| 710 | 2 | _aNational University of Sciences and Technology (Islāmābād, Pakistan) | |
| 906 |
_a7 _bcbc _corigode _d3 _encip _f20 _gy-gencatlg |
||
| 942 |
_2ddc _cBK |
||
| 999 |
_c3061 _d3061 |
||